Die Possessiven Fügungen im Samojedischen und das Problem der uralischen Genitivs I.

Elmentve itt :
Bibliográfiai részletek
Szerző: Németh Gyuláné Sebestyén Irén
Dokumentumtípus: Cikk
Megjelent: MTA Budapest 1957
Sorozat:Die Possessiven Fügungen im Samojedischen und das Problem der uralischen Genitivs
Kulcsszavak:Szamojéd nyelv, Uráli nyelvek
Tárgyszavak:
Online Access:http://misc.bibl.u-szeged.hu/65990
LEADER 00900nab a2200229 i 4500
001 misc65990
005 20231019123538.0
008 230727s1957 hu o 0|| ger d
040 |a SZTE Miscellanea Repozitórium  |b hun 
041 |a ger 
100 2 |a Németh Gyuláné Sebestyén Irén 
245 1 4 |a Die Possessiven Fügungen im Samojedischen und das Problem der uralischen Genitivs I.  |h [elektronikus dokumentum] /  |c  Németh Gyuláné Sebestyén Irén 
260 |a MTA  |b Budapest  |c 1957 
300 |a 42-71 
300 |a [31] p. 
490 0 |a Die Possessiven Fügungen im Samojedischen und das Problem der uralischen Genitivs 
561 |a Németh Gyula hagyaték 
591 |a NOU 5428; LOU 3486 
650 4 |a Bölcsészettudományok 
650 4 |a Nyelvek és irodalom 
695 |a Szamojéd nyelv, Uráli nyelvek 
856 4 0 |u http://misc.bibl.u-szeged.hu/65990/1/5428_nou.pdf  |z Dokumentum-elérés